| 000 | 02889nam a2200397 i 4500 | ||
|---|---|---|---|
| 001 | 000004476 | ||
| 003 | DO-SdBNP | ||
| 005 | 20251105132454.0 | ||
| 007 | ta | ||
| 008 | 090723s2008 dr d 000 0 spa d | ||
| 040 |
_aDO-SdBNP _bspa _cBNPHU _erda |
||
| 041 | _aspa | ||
| 082 | 4 |
_a330.97293 _bM766h _222 |
|
| 100 | 1 |
_aMontás, Juan Temístocles, _d1950- _eautor _4aut. _979676 |
|
| 245 | 1 | 0 |
_aHacia dónde vamos : _breflexiones sobre el desarrollo dominicano / _cJuan Temístocles Montás ; supervisión técnica, Rafael Martínez Alés. |
| 264 | 4 |
_aSanto Domingo, República Dominicana : _bEditora Alfa & Omega, _c©2008. |
|
| 300 |
_a279 páginas : _bilustraciones, diágramas ; _c23 cm. |
||
| 336 |
_atexto _btxt _2rdacontent |
||
| 337 |
_asin mediación _bn _2rdamedia |
||
| 338 |
_avolumen _bnc _2rdacarrier |
||
| 500 | _aIncluye datos biográficos del autor en la solapa de cubierta. | ||
| 500 | _aIncluye referencias bibliográficas y notas al pie de las páginas | ||
| 505 | 2 | _aIntroducción -- Hacia dónde va la economía dominicana -- Los sectores económicos y su crecimiento : factores determinantes -- Las fortalezas y oportunidades de la economía dominicana -- Amenazas, desafíos debilidades -- Los aspectos negativos -- El desempeño económico y su relación con el desempeño social -- Las lecciones aprendidas -- ¿Dónde nos encontramos al día de hoy ? -- Perpectivas de la economía -- República Dominicana: la construcción de un país prospero, equitativo y agradable -- Lecciones que no deben olvidarse --La crisis bancaria y sus causas : una reflexión sobre la crisis bancaria dominicana -- La importancia de los bancos -- Las causas de las crisis bancarias -- ¿Qué pasó en la República Dominicana? -- Una lección que debemos aprender. | |
| 505 | 2 | _aEl crecimiento en la República Dominicana y Haití : ¿Por qué aquí sí y allí no? -- Cohesión social : la experiencia dominicana -- Una agenda para la modernización democrática del país -- Facilidad, desarrollo y democracia -- Una aproximación a la sostenibilidad fiscal en la República Dominicana -- El significado del actual nivel de endeudamiento público -- La larga marcha de la reforma en América Latiana -- El impacto del petróleo en la economía dominicana -- El DR-CAFTA y el futuro de la economía dominicana. | |
| 590 | _aInventariado, 2018/ YL | ||
| 650 | 4 |
_aCrisis económica _zRepública Dominicana _913092 |
|
| 650 | 4 |
_aCrisis bancaria _913093 |
|
| 650 | 4 |
_aPolítica monetaria _zRepública Dominicana _95998 |
|
| 650 | 0 |
_aDesarrollo económico _985548 |
|
| 651 | 4 |
_aRepública Dominicana _xCondiciones económicas _9281 |
|
| 651 | 4 |
_aRepública Dominicana _xPolítica económica _9643 |
|
| 651 | 4 |
_aRepública Dominicana _xCondiciones sociales _946 |
|
| 700 |
_aMartínez Alés, Rafael _95738 |
||
| 910 | _aValidado. Control de calidad MMOLINA | ||
| 942 |
_2ddc _cLBS1 |
||
| 999 |
_c4285 _d4285 |
||